LOTR: Pippin Took - Statistics

General Stats
  • This quiz has been taken 57 times
  • The average score is 9 of 16
Answer Stats
Answer % Correct
his first cousin and best friend Merry Brandybuck
96%
What did Gandalf call him when he dropped a stone in a well in Moria? {Fool} of a Took
92%
his real first name Peregrin
92%
To which ruler did Pippin offer his allegiance during the War of the ring Denethor, the Ruling Steward of Gondor
86%
his father Paladin Took
59%
Which creature did Pippin slay during the battle before the Black gate, saving his friend Beregond's life a Troll
57%
The actor who played Pippin in Peter Jackson's trilogy Billy Boyd
55%
his son Faramir Took
51%
The gift Galadriel presented specifically to Pippin when the Fellowship departed from Lothlorien a silver belt
47%
Who found Pippin after the battle by recognizing his foot. Gimli
41%
Where was Pippin buried Rath Dínen in Minas Tirith
41%
his wife Diamond of Long Cleeve
35%
the title he inherited from his father Thain of the Shire
35%
In Minas Tirith he was called "Ernil i Pheriannath" in Sindarin. What does this mean? Prince of the Halflings
31%
Where does Pippin live before leaving the Shire on his quest Great Smials, Tuckborough
25%
his mother Eglantine Banks
14%
No matching quizzes found
Score Distribution
Percent of People with Each Score
Percentile by Number Answered
Your Score History
You have not taken this quiz